000 00460nam a2200157Ia 4500
008 240729s9999 xx 000 0 und d
022 _a2516-3957
245 4 _aThe Journal of The British Blockchain Association
260 _aUnited Kingdom
260 _bThe British Blockchain Association
650 _a Technology (General)
650 _aTechnology
856 _uhttps://doaj.org/toc/adca0672b74d45ada95386c5e45972a6
942 _2ddc
942 _cDOAJEJ
999 _c68044
_d68044
945 _a1
_bMadushi Gamage
_c1
_dMadushi Gamage